| 000 | 00365cam a2200169 4500 | ||
|---|---|---|---|
| 001 | D12490 | ||
| 008 | 090401t xxu||||| |||| 00| 0 eng d | ||
| 035 | _a(Sirsi) u3790 | ||
| 041 | _aeng | ||
| 100 | _aCox, Alfred | ||
| 245 | _aLandlord and tenant`s guide | ||
| 260 |
_bAlfred Cox _cnd |
||
| 350 | _a0 | ||
| 520 | _aShelf 114 | ||
| 942 | _n0 | ||
| 948 | _c04/03/1997 | ||
| 999 |
_c85938 _d85938 |
||